Normal view
MARC view
- 1- ELECTRONIC COMMERCE
Entry Topical Term
001 - CONTROL NUMBER
- control field: 63768
003 - CONTROL NUMBER IDENTIFIER
- control field: NUST
005 - DATE AND TIME OF LATEST TRANSACTION
- control field: 20210628203155.0
008 - FIXED-LENGTH DATA ELEMENTS
- fixed length control field: 210628|| aca||aabn | a|a d
040 ## - CATALOGING SOURCE
- Original cataloging agency: NUST
- Transcribing agency: NUST
150 ## - HEADING--TOPICAL TERM
- Topical term or geographic name entry element: 1- ELECTRONIC COMMERCE
670 ## - SOURCE DATA FOUND
- Source citation: Work cat.: (NUST): Galloway, Paul 54081, The little black book of online business, 2009
